000 00484nam a2200181Ia 4500
005 20260429112034.0
008 260429s9999||||xx |||||||||||||| ||und||
020 _a9781804895870
041 _aEnglish
082 _a512.7
_bPAR
100 _aParry, Karin
245 0 _aElementary number theory /
_cKarin Parry
260 _aUnited Kingdom :
_bBrilliant Publication Ltd. ,
_c2026.
300 _ax, 250 p.; hb
650 _a Mathematics
650 _aNumber theory
942 _cTB
999 _c52031
_d52031